| 000 | 00390nam a22001697a 4500 | ||
|---|---|---|---|
| 005 | 20230905185158.0 | ||
| 008 | 230718b |||||||| |||| 00| 0 eng d | ||
| 020 | _a9781908967725 | ||
| 082 |
_a724.6 _bBEL-M |
||
| 100 | _aBell, Jonathan, | ||
| 245 | _aTHE MODREN HOUSE | ||
| 300 | _a159 | ||
| 500 | _aINCLUIDE INDEX | ||
| 650 | _aArchitecture | ||
| 700 | _aJonthan Bell | ||
| 999 |
_c26048 _d26048 |
||